00591nam a2200205 4500010001300000020001500013035001300028037001800041040001200059082001600071100001700087245004200104250001100146260004400157270003800201300003100239490004200270650002100312650005200333 aA-948977 a0195648226 aA-948977 bCen Lib / Ret aDPLbEN a305.56bSIN aSingh, K. S. aThe Scheduled castes cby K. S. Singh arev ed aCalcuttabOxford Univeristy Pressc1999 aOxford Univeristy PressbCalcutta a(v 2. xi, 1374p)b24cm(hb) aPeople of India national series vv 2 aDalits -- India. aIndia -- Scheduled tribes -- Social conditions.